000 01416nam a2200361 a 4500
001 000111016
003 CHAP
005 20220329144154.0
008 141125s2014 mx a fsm |||||||spa d
010 _a107478
011 _a108450
040 _cCHAP
090 _aTesis
100 1 _aGuerrero Santana, Alejandro
_9128802
245 1 0 _aAnálisis y modelación del flujo de aire en invernaderos multi-túnel mediante anemometría sónica y dinámica computacional de fluidos
_h[En línea]
_cpor Alejandro Guerrero Santana y Fernando Pérez Segundo.
260 _aChapingo, Méx. :
_bEl autor,
_c2014.
500 _aPara ver el contenido del material haga clic en la liga
502 _aTesis (Ing. Mecánico Agrícola) -- UACH. Departamento de Ingeniería Mecánico Agrícola
590 _aE11695DGD
_b10
_c20141125
_lUCH01
_h1311
590 _aE5995AHE
_b05
_c20141125
_lUCH01
_h1036
590 _aE5995AHE
_b05
_c20141125
_lUCH01
_h1039
590 _aE5995AHE
_b05
_c20141125
_lUCH01
_h1040
650 1 4 _aAgricultura
_xInnovaciones tecnológicas.
_91565
650 1 4 _aAnemómetros.
_95743
650 1 4 _aCultivos en invernadero.
_930376
650 1 4 _aInvernaderos
_xVentilación.
_9126353
650 1 4 _aVientos
_xVelocidad.
_9119293
700 1 _aPérez Segundo, Fernando
_9128803
856 _aFinding aid
_uhttp://10.13.5.2/tesis/sist111016.pdf
_zTeclea aquí
901 _aBK
942 _cTESIS
942 _n0
999 _c107478
_d107478